000 00615nam a2200205Ii 4500
003 JO-AjNU
008 230605s9999||||xx |||||||||||||| ||und||
040 _aJO-AjNU
_bara
_erda
_cJO-AjNU
041 _aara
050 1 4 _aBP130.2.K42.1965
100 3 _aخالد، خالد محمد,
_eauthor
_935977
245 0 0 _aكما تحدث القرآن
250 _aط2
264 3 1 _aالقاهرة:مكتبة وهبة ،1965
300 _a171ص
336 _atext
_btxt
_2rdacontent
337 _aunmediated
_bn
_2rdamedia
338 _avolume
_bnc
_2rdacarrier
650 4 _aالقرآن-تفاسير حديثة
_935978
999 _aA14905
_c18473
_d18473